Statistics for AFL WHO AM I?????

Click here to take the quiz!

General Stats

  • This quiz has been taken 34 times
  • The average score is 2 of 6

Answer Stats

HintAnswer% Correct
Who am I? Indigenous, Played for one team, Won a norm smith, played in the 2010s, kick 250+ goals and played 180+ games. Won goal of the year once and has been a all Australian more than once. RetiredCyril Rioli
93%
Who Am I? Played for Port and Brisbane Bears and one other team, Never won a flag, From Adelaide, Won a Brownlow, 7 All Australian, Hall of Fame, 6 Best and Fairest, Coached 200+ games, Won a Norm Smith, Played 2000s and 1990s.Nathan Buckley
27%
Who Am I? Brownlow Medallist, Played in one grand final. Drafted out of the rookie draft in 2006, Retired, 1 All Australian Selection, 2 Ross Glendinning Medals, Won a Sandover Medal.Matt Priddis
20%
Who Am I? Brownlow Medallist, Won a flag in his last game, Played during 1990s and 2000s, played for one club throughout his career, 300+ games, Under 6ft, Hall of fame, 4 best and fairest, 4 all Australian selections.Shane Crawford
17%
Who Am I? Played for two teams during 2000s and 2010s including hawthorn, 3 team best and fairest, Premiership Player, Active (2022), Drafted in 2006Josh Kennedy
13%
Who Am I? Played for one team, Never won a premiership, Played in one grand final, Arguably top 5 all time of their single club. 1 time All Australian, Born in Victoria in the 1980s, 1 time best and fairestDavid Mundy
7%

Score Distribution

Percentile by Number Answered

Percent of People with Each Score

Your Score History

You have not taken this quiz